000 00221nam a2200085Ia 4500
245 0 _aRaven : blood eye
100 _a KRISTIAN, Giles London, 2009
_981602
942 _cBK
008 210817s9999 xx 000 0 und d
999 _c291436
_d291435